| 000 | 00427nam a22001577a 4500 | ||
|---|---|---|---|
| 020 | _a9781032610382 | ||
| 082 |
_a327.54 _bHAF |
||
| 100 | _aHafeez, Nasir | ||
| 245 |
_aIndian Nuclear Diplomacy Post May 1998: a discourse analysis/ _cNasir Hafeez |
||
| 260 |
_aLondon: _bRoutledge; _c2025. |
||
| 300 | _a176p. | ||
| 563 | _aHB | ||
| 650 |
_aForeign relation _9130745 |
||
| 650 |
_aDiplomacy _916238 |
||
| 942 |
_2ddc _cBK |
||
| 999 |
_c614927 _d614927 |
||